សត្វកណ្តូប និង សត្វសមោច (Record no. 20)
[ view plain ]
| 000 -LEADER | |
|---|---|
| fixed length control field | 00683nam a22002297a 4500 |
| 001 - CONTROL NUMBER | |
| control field | 20 |
| 003 - CONTROL NUMBER IDENTIFIER | |
| control field | FISKH |
| 005 - DATE AND TIME OF LATEST TRANSACTION | |
| control field | 20251212100737.0 |
| 008 - FIXED-LENGTH DATA ELEMENTS--GENERAL INFORMATION | |
| fixed length control field | 230109b |||||||| |||| 00| 0 eng d |
| 040 ## - CATALOGING SOURCE | |
| Original cataloging agency | FISKH |
| Language of cataloging | eng |
| Transcribing agency | FISKH |
| 041 01 - LANGUAGE CODE | |
| Language code of text/sound track or separate title | -cam |
| Language code of accompanying material other than librettos and transcripts | eng |
| 050 ## - LIBRARY OF CONGRESS CALL NUMBER | |
| Classification number | PL |
| 100 ## - MAIN ENTRY--PERSONAL NAME | |
| Personal name | Aesop |
| Dates associated with a name | approximately 620-554 BCE |
| 240 ## - UNIFORM TITLE | |
| Uniform title | រឿងនិទានសម្រាប់កុមារតូចៗ |
| Language of a work | -cam |
| 245 ## - TITLE STATEMENT | |
| Title | សត្វកណ្តូប និង សត្វសមោច |
| 246 ## - VARYING FORM OF TITLE | |
| Title proper/short title | The grasshoper and ants |
| 260 ## - PUBLICATION, DISTRIBUTION, ETC. | |
| Place of publication, distribution, etc. | Phnom Penh |
| Name of publisher, distributor, etc. | Nida Printing House |
| Date of publication, distribution, etc. | 2012 |
| 300 ## - PHYSICAL DESCRIPTION | |
| Extent | 16 p. |
| Other physical details | ill. |
| Dimensions | 21 cm. |
| 521 ## - TARGET AUDIENCE NOTE | |
| Target audience note | 500 |
| Source | FISKH |
| 521 ## - TARGET AUDIENCE NOTE | |
| Target audience note | H |
| Source | Raz-Plus |
| 942 ## - ADDED ENTRY ELEMENTS (KOHA) | |
| Source of classification or shelving scheme | Library of Congress Classification |
| Koha item type | Khmer Books |
| Suppress in OPAC | No |
| Withdrawn status | Lost status | Source of classification or shelving scheme | Damaged status | Not for loan | Collection | Home library | Current library | Shelving location | Date acquired | Total Checkouts | Barcode | Date last seen | Copy number | Price effective from | Koha item type |
|---|---|---|---|---|---|---|---|---|---|---|---|---|---|---|---|
| Library of Congress Classification | Khmer-English Bilingual / ភាសាខ្មែរ-អង់គ្លេស | Footprints International School Library Network Toul Kork Campus | Footprints International School Library Network Toul Kork Campus | 01/09/2023 | FISBK072619 | 10/02/2023 | 1 | 01/09/2023 | Khmer Books | ||||||
| Library of Congress Classification | Khmer-English Bilingual / ភាសាខ្មែរ-អង់គ្លេស | Footprints International School Library Network Toul Tom Poung Campus | Footprints International School Library Network Toul Tom Poung Campus | TTP Primary Khmer Bookshelves | 10/08/2025 | FISTK04621 | 10/08/2025 | 2 | 10/08/2025 | Khmer Books |
